000 00638cam a22002293a 4500
001 18073
003 PGUSA
005 20140828083402.0
008 060329s2006||||xxu|||||s|||||000 1 eng d
040 _aPGUSA
_beng
042 _adc
050 4 _aPQ
100 1 _aOhnet, Georges,
_d1848-1918
245 1 0 _aMarchand de Poison :
_bLes Batailles de la Vie
_h[electronic resource] /
_cGeorges Ohnet
260 _bProject Gutenberg,
_c2006
506 _aPublic domain in the USA.
516 _aElectronic text
653 _aFiction
830 0 _aProject Gutenberg
_v18073
856 4 0 _uhttp://www.gutenberg.org/ebooks/18073
942 _cEB
999 _c247328
_d247328